[Event "POL-chT 1st League"]
[Site "Opole"]
[Date "2006.09.09"]
[Round "8"]
[White "Kaszowski, Dariusz"]
[Black "Kalinin, Oleg"]
[Result "0-1"]
[WhiteElo "2299"]
[BlackElo "2354"]
[PlyCount "103"]
[EventDate "2006.09.01"]
[EventType "team-tourn"]
[EventRounds "9"]
[EventCountry "POL"]
[SourceTitle "CBM 114 Extra"]
[Source "ChessBase"]
[SourceDate "2006.11.03"]
[SourceVersion "1"]
[SourceVersionDate "2006.11.03"]
[SourceQuality "1"]
[WhiteTeam "Poznan Lech"]
[BlackTeam "Dankowice Pasjonat"]
[WhiteTeamCountry "POL"]
[BlackTeamCountry "POL"]

1. d4 c5 2. d5 g6 3. e4 d6 4. c4 Bg7 5. Nc3 Nf6 6. f3 0-0 7. Bg5 h6 8. Bf4 a6 9. Qd2 h5 10. a4 Re8 11. Nge2 Nbd7 12. Nc1 Ne5 13. Be2 e6 14. 0-0 exd5 15. cxd5 Qc7 16. N1a2 c4 17. Rab1 Nfd7 18. b4 cxb3 19. Rxb3 Nc5 20. Rb4 Kh7 21. Be3 f5 22. f4 Nf7 23. exf5 Bxf5 24. Bd4 Re7 25. Bxg7 Kxg7 26. h3 Nh6 27. Nc1 Rae8 28. Bf3 h4 29. Qd4+ Kf7 30. Kh2 Re3 31. Nd1 Ra3 32. Nf2 Qd7 33. Bd1 Rae3 34. Nb3 Qe7 35. Nd2 Nd3 36. Rb3 Nxf2 37. Rxf2 Rxb3 38. Bxb3 Qe3 39. Qxe3 Rxe3 40. Rf3 Re1 41. Nc4 Ke7 42. Re3+ Rxe3 43. Nxe3 b5 44. a5 Nf7 45. Bc2 Bxc2 46. Nxc2 Nd8 47. g4 hxg3+ 48. Kxg3 Nb7 49. Nb4 Nxa5 50. f5 gxf5 51. Kf4 Kf6 52. Nxa6 0-1

[Event "POL-chT 1st League"]
[Site "Opole"]
[Date "2006.09.04"]
[Round "3"]
[White "Kaszowski, Dariusz"]
[Black "Hnydiuk, Aleksander"]
[Result "1/2-1/2"]
[WhiteElo "2299"]
[BlackElo "2366"]
[PlyCount "86"]
[EventDate "2006.09.01"]
[EventType "team-tourn"]
[EventRounds "9"]
[EventCountry "POL"]
[SourceTitle "CBM 114 Extra"]
[Source "ChessBase"]
[SourceDate "2006.11.03"]
[SourceVersion "1"]
[SourceVersionDate "2006.11.03"]
[SourceQuality "1"]
[WhiteTeam "Poznan Lech"]
[BlackTeam "Brzeg Prokonex"]
[WhiteTeamCountry "POL"]
[BlackTeamCountry "POL"]

1. d4 Nf6 2. Nf3 d5 3. c4 e6 4. Nc3 c5 5. cxd5 Nxd5 6. e4 Nxc3 7. bxc3 cxd4 8. cxd4 Bb4+ 9. Bd2 Bxd2+ 10. Qxd2 0-0 11. Bc4 Nd7 12. 0-0 b6 13. Rac1 Bb7 14. d5 Nc5 15. Rfe1 exd5 16. exd5 Qf6 17. Rcd1 Rad8 18. Qe3 h6 19. Ne5 Rd6 20. Rd4 Qg5 21. f4 Qf5 22. g4 Qc8 23. h3 Re8 24. Qd2 Red8 25. a3 b5 26. Ba2 Qc7 27. Rd1 Qb6 28. Kh2 a5 29. Qc2 a4 30. Bb1 g6 31. Ba2 Nb3 32. Bxb3 axb3 33. Qxb3 Rxd5 34. Rxd5 Qf2+ 35. Kh1 Rxd5 36. Rxd5 Qd2 37. Kg1 Bxd5 38. Qg3 g5 39. fxg5 hxg5 40. Nd3 Be4 41. Nf2 Qe1+ 42. Kh2 Bd5 43. h4 gxh4 1/2-1/2

[Event "POL-chT 1st League"]
[Site "Opole"]
[Date "2006.09.03"]
[Round "2"]
[White "Zezulkin, Jurij"]
[Black "Kaszowski, Dariusz"]
[Result "1/2-1/2"]
[WhiteElo "2455"]
[BlackElo "2299"]
[PlyCount "45"]
[EventDate "2006.09.01"]
[EventType "team-tourn"]
[EventRounds "9"]
[EventCountry "POL"]
[SourceTitle "CBM 114 Extra"]
[Source "ChessBase"]
[SourceDate "2006.11.03"]
[SourceVersion "1"]
[SourceVersionDate "2006.11.03"]
[SourceQuality "1"]
[WhiteTeam "Kozuchow Odrodzenie"]
[BlackTeam "Poznan Lech"]
[WhiteTeamCountry "POL"]
[BlackTeamCountry "POL"]

1. e4 c5 2. Nc3 e6 3. Nf3 a6 4. d4 cxd4 5. Nxd4 b5 6. Bd3 Qb6 7. Nb3 Qc7 8. 0-0 Bb7 9. Qe2 Nf6 10. e5 b4 11. Nb1 Nd5 12. f4 a5 13. a4 Nc6 14. N1d2 Be7 15. Ne4 Qb6+ 16. Kh1 Ba6 17. Rf3 g6 18. Bd2 0-0 19. Be1 f5 20. exf6 Bxf6 21. Bf2 Bxd3 22. Qxd3 Qc7 23. Nxf6+ 1/2-1/2

[Event "Poznan op 15th"]
[Site "Poznan"]
[Date "2006.07.26"]
[Round "5"]
[White "Kaszowski, Dariusz"]
[Black "Plonczak, Dominik"]
[Result "1-0"]
[WhiteElo "2299"]
[BlackElo "2096"]
[PlyCount "85"]
[EventDate "2006.07.22"]
[EventType "swiss"]
[EventRounds "9"]
[EventCountry "POL"]
[SourceTitle "EXT 2008"]
[Source "ChessBase"]
[SourceDate "2007.11.25"]
[SourceVersion "1"]
[SourceVersionDate "2007.11.25"]
[SourceQuality "1"]

1. d4 Nf6 2. c4 g6 3. Nc3 Bg7 4. e4 d6 5. f3 0-0 6. Bg5 a6 7. Qd2 Nbd7 8. Nh3 c5 9. d5 b5 10. Nf2 Qa5 11. cxb5 Nb6 12. Nfd1 axb5 13. Bxb5 Ba6 14. Bxa6 Qxa6 15. b3 Rfe8 16. Rc1 e6 17. dxe6 Rxe6 18. Ne3 h6 19. Bh4 Nh5 20. Ned5 Bxc3 21. Nxc3 d5 22. Kf2 dxe4 23. fxe4 g5 24. Bg3 Rf6+ 25. Ke3 Nf4 26. Bxf4 Rxf4 27. g3 Rf6 28. Qe2 Qa7 29. Rhf1 Re6 30. Kf3 Qb7 31. Kg2 Rae8 32. Qf3 Re5 33. g4 R8e7 34. Rcd1 R5e6 35. Rd8+ Kg7 36. Rfd1 Rf6 37. Rg8+ Kxg8 38. Qxf6 Qc7 39. Qxh6 Re6 40. Qxg5+ Rg6 41. Qd8+ Qxd8 42. Rxd8+ Kg7 43. h3 1-0

[Event "Poznan op 15th"]
[Site "Poznan"]
[Date "2006.07.23"]
[Round "2"]
[White "Graf, Pawel"]
[Black "Kaszowski, Dariusz"]
[Result "1/2-1/2"]
[WhiteElo "2134"]
[BlackElo "2299"]
[PlyCount "53"]
[EventDate "2006.07.22"]
[EventType "swiss"]
[EventRounds "9"]
[EventCountry "POL"]
[SourceTitle "EXT 2008"]
[Source "ChessBase"]
[SourceDate "2007.11.25"]
[SourceVersion "1"]
[SourceVersionDate "2007.11.25"]
[SourceQuality "1"]

1. e4 c5 2. c3 d5 3. exd5 Qxd5 4. d4 Nf6 5. Na3 Bg4 6. f3 Bd7 7. Bc4 Qc6 8. d5 Qb6 9. Qe2 e6 10. Nh3 Be7 11. Nf4 exd5 12. Nxd5 Nxd5 13. Bxd5 Nc6 14. 0-0 Nd8 15. Qe4 Be6 16. Nc4 Qa6 17. Re1 0-0 18. Bxe6 Nxe6 19. f4 Rfe8 20. Ne5 Bd6 21. Bd2 Nc7 22. Qf5 Bxe5 23. Rxe5 Rxe5 24. Qxe5 Qc6 25. Re1 Re8 26. Qg5 Rxe1+ 27. Bxe1 1/2-1/2

[Event "Poznan op 15th"]
[Site "Poznan"]
[Date "2006.07.22"]
[Round "1"]
[White "Kaszowski, Dariusz"]
[Black "Szczesniak, Andrzej"]
[Result "1-0"]
[WhiteElo "2299"]
[BlackElo "2103"]
[PlyCount "145"]
[EventDate "2006.07.22"]
[EventType "swiss"]
[EventRounds "9"]
[EventCountry "POL"]
[SourceTitle "EXT 2008"]
[Source "ChessBase"]
[SourceDate "2007.11.25"]
[SourceVersion "1"]
[SourceVersionDate "2007.11.25"]
[SourceQuality "1"]

1. d4 Nf6 2. c4 e6 3. Nc3 Bb4 4. Qc2 d5 5. cxd5 Qxd5 6. Nf3 Qf5 7. Qb3 c5 8. e3 Nc6 9. a3 Ba5 10. Be2 0-0 11. 0-0 cxd4 12. exd4 Bxc3 13. bxc3 Rd8 14. Be3 b6 15. c4 Bb7 16. Rab1 Rac8 17. Qa2 Ng4 18. Rb5 e5 19. d5 Nxe3 20. fxe3 Na5 21. Rxa5 bxa5 22. Qb2 Bxd5 23. cxd5 Rxd5 24. Rc1 Rdc5 25. Rxc5 Rxc5 26. Qb8+ Rc8 27. Qxe5 Qxe5 28. Nxe5 Kf8 29. Nc4 Rc5 30. Kf2 f5 31. e4 Ke7 32. Ke3 fxe4 33. Kxe4 Rb5 34. Kd4 Kf6 35. Bf3 Rb3 36. Bd5 g5 37. h3 h5 38. Kc5 g4 39. hxg4 hxg4 40. a4 Rc3 41. Kb5 Rd3 42. Bc6 Rc3 43. Nxa5 Ke5 44. Ka6 Kd6 45. Kxa7 Kc7 46. Ka6 Rc5 47. Bb7 Rc3 48. Kb5 g3 49. Bc6 Rc1 50. Nc4 Rb1+ 51. Kc5 Rb8 52. a5 Rg8 53. a6 Rg5+ 54. Bd5 Kb8 55. Kd4 Ka7 56. Bb7 Rg4+ 57. Kd3 Rg8 58. Ne5 Rg5 59. Ke4 Rg8 60. Kf4 Re8 61. Ng4 Rf8+ 62. Kxg3 Rg8 63. Kf3 Rf8+ 64. Ke4 Rg8 65. Ne3 Rf8 66. g4 Rf7 67. g5 Rf8 68. Nd5 Rf1 69. Nf4 Re1+ 70. Kf5 Re8 71. Ne6 Rh8 72. g6 Rh2 73. g7 1-0

[Event "POL-chT 2nd League"]
[Site "Wysowa"]
[Date "2005.09.03"]
[Round "8.7"]
[White "Kaszowski, Dariusz"]
[Black "Majdan, Joanna"]
[Result "0-1"]
[WhiteElo "2312"]
[BlackElo "2219"]
[PlyCount "62"]
[EventDate "2005.08.27"]
[EventType "team-swiss"]
[EventRounds "9"]
[EventCountry "POL"]
[SourceTitle "EXT 2019"]
[Source "ChessBase"]
[SourceDate "2018.10.10"]
[SourceVersion "1"]
[SourceVersionDate "2018.10.10"]
[SourceQuality "1"]
[WhiteTeam "Poznan Lech"]
[BlackTeam "Koszalin Hetman Politechnika"]
[WhiteTeamCountry "POL"]
[BlackTeamCountry "POL"]

1. d4 Nf6 2. c4 c5 3. d5 d6 4. Nc3 g6 5. e4 Bg7 6. f3 0-0 7. Bg5 h6 8. Be3 e6 9. Bd3 exd5 10. cxd5 a6 11. Nge2 Nbd7 12. 0-0 b5 13. b3 Re8 14. Qd2 h5 15. Rac1 b4 16. Na4 Ne5 17. Bb1 a5 18. Bg5 Ba6 19. f4 Ned7 20. e5 dxe5 21. f5 e4 22. fxg6 fxg6 23. Rfe1 Re5 24. Rcd1 Qe8 25. Ng3 h4 26. Bxh4 e3 27. Qc1 e2 28. Rd3 Ng4 29. Qd2 Bh6 30. Qc2 Bxd3 31. Qxd3 Be3+ 0-1

[Event "POL-chT 60th 1st League"]
[Site "Ustron"]
[Date "2004.09.11"]
[Round "8"]
[White "Jaworski, Miroslaw"]
[Black "Kaszowski, Dariusz"]
[Result "1/2-1/2"]
[WhiteElo "2373"]
[BlackElo "2283"]
[PlyCount "40"]
[EventDate "2004.09.04"]
[EventType "team-tourn"]
[EventRounds "9"]
[EventCountry "POL"]
[SourceTitle "EXT 2007"]
[Source "ChessBase"]
[SourceDate "2006.11.23"]
[SourceVersion "1"]
[SourceVersionDate "2006.11.23"]
[SourceQuality "1"]
[WhiteTeam "Raciborz Rzemioslo"]
[BlackTeam "Poznan Lech"]
[WhiteTeamCountry "POL"]
[BlackTeamCountry "POL"]

1. d4 d5 2. c4 c6 3. Nf3 Nf6 4. Nc3 e6 5. e3 Nbd7 6. Qc2 Bd6 7. b3 0-0 8. Be2 b6 9. 0-0 Bb7 10. Bb2 Qe7 11. Rad1 Rfd8 12. e4 Nxe4 13. Nxe4 dxe4 14. Qxe4 Nf6 15. Qe3 c5 16. Ne5 cxd4 17. Bxd4 Nd7 18. f4 Nxe5 19. fxe5 Bc5 20. Bxc5 Qxc5 1/2-1/2

[Event "POL-chT 60th 1st League"]
[Site "Ustron"]
[Date "2004.09.04"]
[Round "1"]
[White "Bielczyk, Jacek"]
[Black "Kaszowski, Dariusz"]
[Result "0-1"]
[WhiteElo "2340"]
[BlackElo "2283"]
[PlyCount "53"]
[EventDate "2004.09.04"]
[EventType "team-tourn"]
[EventRounds "9"]
[EventCountry "POL"]
[SourceTitle "EXT 2007"]
[Source "ChessBase"]
[SourceDate "2006.11.23"]
[SourceVersion "1"]
[SourceVersionDate "2006.11.23"]
[SourceQuality "1"]
[WhiteTeam "Szopienice HetMaN"]
[BlackTeam "Poznan Lech"]
[WhiteTeamCountry "POL"]
[BlackTeamCountry "POL"]

1. e4 c5 2. Nf3 e6 3. d4 cxd4 4. Nxd4 a6 5. Bd3 Bc5 6. Nb3 Ba7 7. 0-0 Nc6 8. Qg4 Nf6 9. Qxg7 Rg8 10. Qh6 Ne5 11. Nc3 b5 12. a4 b4 13. Ne2 Bb7 14. Ng3 Neg4 15. Qf4 e5 16. Qf3 d5 17. Be3 Nxh2 18. Kxh2 dxe4 19. Bxe4 Nxe4 20. Qh5 Bxe3 21. fxe3 Qc7 22. Nxe4 Bxe4 23. Rf2 0-0-0 24. Nd2 Bxg2 25. Rxf7 Qxc2 26. Qxe5 Bd5 27. Kh3 0-1

[Event "POL-chT 1st League"]
[Site "Ustron"]
[Date "2003.09.13"]
[Round "8"]
[White "Szymanski, Piotr"]
[Black "Kaszowski, Dariusz"]
[Result "1/2-1/2"]
[WhiteElo "2213"]
[BlackElo "2309"]
[PlyCount "23"]
[EventDate "2003.09.06"]
[EventType "team-tourn"]
[EventRounds "9"]
[EventCountry "POL"]
[SourceTitle "EXT 2005"]
[Source "ChessBase"]
[SourceDate "2004.11.15"]
[SourceVersion "1"]
[SourceVersionDate "2004.11.15"]
[SourceQuality "1"]
[WhiteTeam "Lomza Devo Maraton"]
[BlackTeam "Poznan Lech"]
[WhiteTeamCountry "POL"]
[BlackTeamCountry "POL"]

1. d4 d5 2. Nf3 Nf6 3. c4 e6 4. e3 c6 5. Qc2 Nbd7 6. Nbd2 Be7 7. Bd3 c5 8. 0-0 0-0 9. cxd5 exd5 10. b3 b6 11. Bb2 Bb7 12. e4 1/2-1/2

[Event "POL-chT 1st League"]
[Site "Ustron"]
[Date "2003.09.10"]
[Round "5"]
[White "Kaszowski, Dariusz"]
[Black "Protaziuk, Grzegorz"]
[Result "0-1"]
[WhiteElo "2309"]
[BlackElo "2347"]
[PlyCount "60"]
[EventDate "2003.09.06"]
[EventType "team-tourn"]
[EventRounds "9"]
[EventCountry "POL"]
[SourceTitle "EXT 2005"]
[Source "ChessBase"]
[SourceDate "2004.11.15"]
[SourceVersion "1"]
[SourceVersionDate "2004.11.15"]
[SourceQuality "1"]
[WhiteTeam "Poznan Lech"]
[BlackTeam "Warszawa AZS UW"]
[WhiteTeamCountry "POL"]
[BlackTeamCountry "POL"]

1. d4 Nf6 2. c4 c5 3. d5 b5 4. cxb5 a6 5. bxa6 Bxa6 6. Nc3 g6 7. e4 Bxf1 8. Kxf1 d6 9. g3 Bg7 10. Kg2 Nbd7 11. Nf3 0-0 12. Re1 Ra6 13. Re2 Qa8 14. Bg5 h6 15. Bxf6 Bxf6 16. Qd2 Kg7 17. Rc1 Rb8 18. b3 Rb4 19. Rc2 Kh7 20. h4 Bg7 21. Nd1 Nf6 22. Qd3 Ra7 23. Nc3 Nd7 24. h5 c4 25. hxg6+ fxg6 26. bxc4 Nc5 27. Qd2 Rxc4 28. e5 Ra3 29. Re3 Qa5 30. Nb1 Rxc2 0-1

[Event "Poznan op-A"]
[Site "Poznan"]
[Date "2003.07.13"]
[Round "9"]
[White "Wieclaw, Michal"]
[Black "Kaszowski, Dariusz"]
[Result "1/2-1/2"]
[WhiteElo "2145"]
[BlackElo "2309"]
[PlyCount "82"]
[EventDate "2003.07.07"]
[EventType "swiss"]
[EventRounds "9"]
[EventCountry "POL"]
[SourceTitle "CBM 095 Extra"]
[Source "ChessBase"]
[SourceDate "2003.09.04"]
[SourceVersion "1"]
[SourceVersionDate "2003.09.04"]
[SourceQuality "1"]

1. e4 c5 2. c4 Nc6 3. Nc3 e6 4. d3 Nf6 5. Bg5 h6 6. Bh4 Be7 7. Nf3 Nxe4 8. Bxe7 Nxc3 9. Bxd8 Nxd1 10. Bh4 Nxb2 11. a4 e5 12. Ra2 Nxa4 13. Rxa4 f5 14. h3 f4 15. g3 g5 16. gxf4 exf4 17. Nxg5 Nd4 18. Be2 hxg5 19. Bxg5 f3 20. Bf6 Rf8 21. Bxd4 cxd4 22. Bd1 d6 23. Kd2 a5 24. Re1+ Kd8 25. h4 Bd7 26. Ra2 Bc6 27. Rg1 Ke7 28. Rg4 Rf5 29. Rxd4 Rg8 30. Ba4 Rg2 31. Ke3 Re5+ 32. Kf4 Bxa4 33. Rxa4 Rxf2 34. Ra1 Ke6 35. Kg3 Rg2+ 36. Kxf3 Rg7 37. Re4 Rxe4 38. Kxe4 Rg4+ 39. Ke3 Rxh4 40. Rxa5 Kd7 41. Rg5 Kc6 1/2-1/2

[Event "Poznan op-A"]
[Site "Poznan"]
[Date "2003.07.11"]
[Round "6"]
[White "Solodovnichenko, Yuri"]
[Black "Kaszowski, Dariusz"]
[Result "1-0"]
[WhiteElo "2461"]
[BlackElo "2309"]
[PlyCount "109"]
[EventDate "2003.07.07"]
[EventType "swiss"]
[EventRounds "9"]
[EventCountry "POL"]
[SourceTitle "CBM 095 Extra"]
[Source "ChessBase"]
[SourceDate "2003.09.04"]
[SourceVersion "1"]
[SourceVersionDate "2003.09.04"]
[SourceQuality "1"]

1. e4 c5 2. Nf3 e6 3. d4 cxd4 4. Nxd4 a6 5. c4 Nf6 6. Nc3 Bb4 7. Bd3 Nc6 8. Nxc6 dxc6 9. e5 Qa5 10. exf6 Bxc3+ 11. bxc3 Qxc3+ 12. Bd2 Qxd3 13. fxg7 Rg8 14. Bh6 Qc3+ 15. Kf1 Qf6 16. Qc1 e5 17. Rb1 Be6 18. Rxb7 0-0-0 19. Rb1 Bf5 20. Rb3 Bd3+ 21. Kg1 Be2 22. Bd2 Qxg7 23. Rg3 Qf6 24. c5 Qf5 25. h3 Rxg3 26. fxg3 Qd3 27. Bg5 Rd4 28. Kh2 Bf3 29. Re1 Rc4 30. Re3 Rxc1 31. Rxd3 Be4 32. Rd8+ Kc7 33. Bxc1 Kxd8 34. Bb2 Bb1 35. a3 e4 36. g4 Ke7 37. Kg3 Ke6 38. Bd4 Kd5 39. Be3 Kc4 40. Kf4 Kd3 41. g5 a5 42. h4 a4 43. h5 Ba2 44. Bf2 Bb3 45. g4 Bd1 46. h6 Bb3 47. g6 fxg6 48. g5 Bd5 49. Be1 e3 50. Ke5 Ke2 51. Bb4 Kf2 52. Kf6 e2 53. Kg7 e1Q 54. Bxe1+ Kxe1 55. Kxh7 1-0

[Event "Poznan op-A"]
[Site "Poznan"]
[Date "2003.07.09"]
[Round "3"]
[White "Kaszowski, Dariusz"]
[Black "Andrejczuk, Beata"]
[Result "1-0"]
[WhiteElo "2309"]
[BlackElo "2025"]
[PlyCount "67"]
[EventDate "2003.07.07"]
[EventType "swiss"]
[EventRounds "9"]
[EventCountry "POL"]
[SourceTitle "CBM 095 Extra"]
[Source "ChessBase"]
[SourceDate "2003.09.04"]
[SourceVersion "1"]
[SourceVersionDate "2003.09.04"]
[SourceQuality "1"]

1. d4 Nf6 2. c4 c5 3. d5 b5 4. cxb5 a6 5. f3 axb5 6. e4 Qa5+ 7. b4 cxb4 8. Nd2 e6 9. Nb3 Qb6 10. Ne2 Bb7 11. Ned4 exd5 12. e5 Ng8 13. Be3 Nc6 14. f4 Nxd4 15. Bxd4 Qg6 16. Qd2 Nh6 17. Bd3 Qa6 18. 0-0 Bc6 19. f5 0-0-0 20. Rac1 g6 21. e6 Rg8 22. exd7+ Kxd7 23. fxg6 hxg6 24. Rf6 Rc8 25. Nc5+ Bxc5 26. Rxc5 Qa3 27. Rcxc6 Rxc6 28. Bxb5 Rgc8 29. Qxh6 Ke7 30. Rxc6 Rxc6 31. Bxc6 b3 32. axb3 Qb4 33. Qe3+ Kd6 34. Be8 1-0

[Event "Poznan op-A"]
[Site "Poznan"]
[Date "2003.07.07"]
[Round "1"]
[White "Kaszowski, Dariusz"]
[Black "Bugaj, Mikolaj"]
[Result "0-1"]
[WhiteElo "2309"]
[BlackElo "2026"]
[PlyCount "85"]
[EventDate "2003.07.07"]
[EventType "swiss"]
[EventRounds "9"]
[EventCountry "POL"]
[SourceTitle "CBM 095 Extra"]
[Source "ChessBase"]
[SourceDate "2003.09.04"]
[SourceVersion "1"]
[SourceVersionDate "2003.09.04"]
[SourceQuality "1"]

1. d4 Nf6 2. c4 g6 3. Nc3 Bg7 4. e4 d6 5. f3 c6 6. Be3 a6 7. Bd3 h5 8. Nge2 Nbd7 9. Qd2 b5 10. 0-0 h4 11. b4 Rb8 12. Rab1 Nh5 13. a4 bxc4 14. Bxc4 Nb6 15. Ba2 Bd7 16. a5 Na8 17. Rfc1 e6 18. Bc4 Bc8 19. Na4 Bb7 20. Bd3 Nf6 21. h3 Nh5 22. Rd1 Nc7 23. Rbc1 Nb5 24. Bb1 Ba8 25. Bg5 Bf6 26. Bxf6 Qxf6 27. e5 dxe5 28. dxe5 Qxe5 29. Nc5 Nf6 30. Nxa6 Rc8 31. f4 Qh5 32. Nc3 0-0 33. Nc5 Nxc3 34. Rxc3 Nd5 35. Rc4 Ne3 36. Rcc1 Nxd1 37. Rxd1 Qh6 38. Be4 Qg7 39. a6 Rfe8 40. Qd6 e5 41. f5 Qf8 42. fxg6 Qxd6 43. Rxd6 0-1

[Event "POL-ch sf"]
[Site "Lubniewice"]
[Date "2002.12.03"]
[Round "4"]
[White "Kaszowski, Dariusz"]
[Black "Wlodarczyk, Oskar"]
[Result "1/2-1/2"]
[WhiteElo "2327"]
[BlackElo "2161"]
[PlyCount "67"]
[EventDate "2002.11.30"]
[EventType "swiss"]
[EventRounds "9"]
[EventCountry "POL"]
[SourceTitle "CBM 091 Extra"]
[Source "ChessBase"]
[SourceDate "2003.01.09"]
[SourceVersion "1"]
[SourceVersionDate "2003.01.09"]
[SourceQuality "1"]

1. d4 c5 2. d5 e5 3. c4 d6 4. e4 Be7 5. Nf3 Nf6 6. Nc3 0-0 7. Be2 Ne8 8. a3 Na6 9. 0-0 Nac7 10. b4 b6 11. bxc5 bxc5 12. Rb1 g6 13. Bh6 Ng7 14. Qd2 Nce8 15. Bd1 Ba6 16. Qd3 f5 17. Ba4 Rb8 18. Rxb8 Qxb8 19. Rb1 Qd8 20. Bb5 Bc8 21. Bc6 Nf6 22. Nd2 Ng4 23. Bxg7 Kxg7 24. f3 Nf6 25. Nb5 fxe4 26. Nxe4 Nxe4 27. fxe4 Qa5 28. h3 a6 29. Na7 Bg5 30. Nxc8 Rxc8 31. Bd7 Rf8 32. Bg4 Qd8 33. Rb7+ Kh8 34. g3 1/2-1/2

[Event "POL-chT 58th 1st League"]
[Site "Ustron"]
[Date "2002.??.??"]
[Round "?"]
[White "Bobras, Piotr"]
[Black "Kaszowski, Dariusz"]
[Result "1-0"]
[WhiteElo "2431"]
[BlackElo "2306"]
[PlyCount "79"]
[EventDate "2002.09.07"]
[EventType "team-tourn"]
[EventRounds "9"]
[EventCountry "POL"]
[SourceTitle "EXT 2019"]
[Source "ChessBase"]
[SourceDate "2018.10.10"]
[SourceVersion "1"]
[SourceVersionDate "2018.10.10"]
[SourceQuality "1"]
[WhiteTeam "Jaworzno JKSz MCKiS"]
[BlackTeam "Poznan Lech"]
[WhiteTeamCountry "POL"]
[BlackTeamCountry "POL"]

1. e4 c5 2. Nc3 e6 3. Nf3 a6 4. g3 Nc6 5. Bg2 Nf6 6. 0-0 Qc7 7. d4 cxd4 8. Nxd4 d6 9. Re1 Nd7 10. b3 Be7 11. Bb2 0-0 12. Nce2 Bf6 13. Qd2 Nc5 14. Rad1 Ne5 15. f4 Ng6 16. c4 Bd7 17. Nc3 Rad8 18. Nf5 Bc6 19. Nd5 exd5 20. Bxf6 gxf6 21. Qd4 Bd7 22. Qxf6 Bxf5 23. exf5 Nd7 24. Qg5 Qc5+ 25. Kh1 dxc4 26. Bd5 Kg7 27. fxg6 hxg6 28. f5 Rde8 29. fxg6 fxg6 30. Re7+ Rxe7 31. Qxe7+ Kh6 32. Qh4+ Kg7 33. Qe7+ Kh6 34. bxc4 Qc7 35. Rd4 Rf1+ 36. Kg2 Rf5 37. Rh4+ Rh5 38. Rxh5+ gxh5 39. Be4 Qxc4 40. Qh7+ 1-0

[Event "POL-chT 58th 1st League"]
[Site "Ustron"]
[Date "2002.??.??"]
[Round "?"]
[White "Skalik, Przemyslaw"]
[Black "Kaszowski, Dariusz"]
[Result "1/2-1/2"]
[WhiteElo "2414"]
[BlackElo "2306"]
[PlyCount "61"]
[EventDate "2002.09.07"]
[EventType "team-tourn"]
[EventRounds "9"]
[EventCountry "POL"]
[SourceTitle "EXT 2019"]
[Source "ChessBase"]
[SourceDate "2018.10.10"]
[SourceVersion "1"]
[SourceVersionDate "2018.10.10"]
[SourceQuality "1"]
[WhiteTeam "Kozuchow Odrodzenie"]
[BlackTeam "Poznan Lech"]
[WhiteTeamCountry "POL"]
[BlackTeamCountry "POL"]

1. Nf3 Nf6 2. c4 e6 3. d4 Bb4+ 4. Bd2 Qe7 5. Nc3 b6 6. g3 Bb7 7. Bg2 Bxc3 8. Bxc3 Ne4 9. Rc1 Nxc3 10. Rxc3 0-0 11. 0-0 Na6 12. a3 c5 13. d5 exd5 14. cxd5 d6 15. Re1 f5 16. e4 fxe4 17. Nd2 Nc7 18. Bxe4 Qf6 19. Rf3 Qxb2 20. Nc4 Qd4 21. Nxd6 Bxd5 22. Bxd5+ Nxd5 23. Qxd4 cxd4 24. Rd3 Rad8 25. Nb5 a6 26. Nxd4 Nf6 27. Red1 Rd5 28. Ne6 Rxd3 29. Rxd3 Rc8 30. Rd6 Rb8 31. Nc7 1/2-1/2

[Event "Pocztowiec-ch"]
[Site "Poznan"]
[Date "2001.??.??"]
[Round "?"]
[White "Kaszowski, Dariusz"]
[Black "Chojnacki, Krzysztof"]
[Result "1/2-1/2"]
[WhiteElo "2305"]
[BlackElo "2240"]
[PlyCount "127"]
[EventDate "2001.??.??"]
[EventType "swiss"]
[EventRounds "9"]
[EventCountry "POL"]
[SourceTitle "EXT 2006"]
[Source "ChessBase"]
[SourceDate "2005.11.24"]
[SourceVersion "1"]
[SourceVersionDate "2005.11.24"]
[SourceQuality "1"]

1. d4 Nf6 2. c4 e6 3. Nc3 Bb4 4. Qc2 c5 5. dxc5 Na6 6. a3 Bxc3+ 7. Qxc3 Nxc5 8. f3 d5 9. cxd5 b6 10. b4 Na4 11. Qb3 b5 12. e4 a6 13. Bd3 0-0 14. Ne2 exd5 15. e5 Nd7 16. f4 Re8 17. 0-0 Nf8 18. Be3 Bb7 19. Nd4 Rc8 20. Rac1 Rxc1 21. Rxc1 f6 22. Nf3 Kh8 23. Qc2 d4 24. Nxd4 fxe5 25. fxe5 Rxe5 26. Qf2 Nb2 27. Bf1 Nc4 28. Bxc4 bxc4 29. Rxc4 Ng6 30. Rc5 Qe8 31. Rxe5 Qxe5 32. a4 h6 33. b5 axb5 34. axb5 Nh4 35. Bxh6 Nxg2 36. Nc6 Bxc6 37. bxc6 gxh6 38. Qf8+ Kh7 39. Qf7+ Kh8 40. c7 Qe1+ 41. Kxg2 Qe2+ 42. Kg3 Qe3+ 43. Kg4 Qe4+ 44. Kh5 Qe5+ 45. Kg4 Qe4+ 46. Qf4 h5+ 47. Kg5 Qg2+ 48. Kf6 Qg7+ 49. Ke6 Qg8+ 50. Kd6 Qg6+ 51. Ke7 Qg7+ 52. Qf7 Qe5+ 53. Kd8 Qd6+ 54. Ke8 Qc6+ 55. Kd8 Qd6+ 56. Qd7 Qb6 57. Ke8 Qg6+ 58. Kd8 Qb6 59. Ke7 Qe3+ 60. Qe6 Qc5+ 61. Kd7 Qa7 62. Kd8 Qd4+ 63. Ke7 Qg7+ 64. Kd8 1/2-1/2

[Event "Pocztowiec-ch"]
[Site "Poznan"]
[Date "2001.??.??"]
[Round "?"]
[White "Nowak, Rafal"]
[Black "Kaszowski, Dariusz"]
[Result "0-1"]
[WhiteElo "2110"]
[BlackElo "2305"]
[PlyCount "60"]
[EventDate "2001.??.??"]
[EventType "swiss"]
[EventRounds "9"]
[EventCountry "POL"]
[SourceTitle "EXT 2006"]
[Source "ChessBase"]
[SourceDate "2005.11.24"]
[SourceVersion "1"]
[SourceVersionDate "2005.11.24"]
[SourceQuality "1"]

1. d4 d5 2. Bg5 h6 3. Bh4 c6 4. e3 Qb6 5. Qc1 Bf5 6. c4 e6 7. c5 Qa5+ 8. Nc3 b6 9. cxb6 axb6 10. Nf3 Nd7 11. Be2 Ngf6 12. 0-0 Bd6 13. Bxf6 Nxf6 14. Nh4 Bh7 15. f4 0-0 16. a3 c5 17. Nb5 Be7 18. Nf3 Rfc8 19. Qd1 Ne4 20. Kh1 c4 21. a4 Qb4 22. g4 Qxb2 23. f5 Nc3 24. Nxc3 Qxc3 25. Ne5 Qxe3 26. Bf3 Bd6 27. Re1 Qf4 28. Qe2 Bxe5 29. dxe5 c3 30. Rf1 Qc4 0-1